000 00352nam a2200145Ia 4500
008 100122s9999 xx 000 0 und d
082 _b28832
_a954
100 _aSANKALIA H D
245 _aPREHISTORY OF INDIA
260 _bM.M.PUBLICATON
_c1977
300 _a211
630 _aPREHISTORY OF INDIA
730 _aPREHISTORY OF INDIA
942 _cBOOK
999 _c369045
_d369042